02646 2200301 4500001002100000005001500021035002000036007000300056008004100059020001800100082001700118084002300135100003000158245004700188250000600235300005800241650002700299520148200326651001501808264004301823336002101866337003001887338002301917502002401940504002901964505034001993990001102333INLIS00000000002384220260422103939 a0010-0426000039ta260422 g 0 ind  a9786239112356 aR.959.824 03 aR.959.824 03 KUS e0 aKusnadi WasrieePengarang1 aEnsiklopedia Indonesia Provinsi Jawa Barat aI aviii + 184 halaman :bIlustrasi [warna} ;c21 x 29 cm 4aEnsiklopedia Indonesia aIndonesia adalah negara yang kaya, dilihat dari sosial budayanya (suku bangsa, bahasa daerah, adat istiadat, dan lainnya) maupun dilihat dari sumber daya alam yang dimilikinya (panorama alam yang indah, hutan satwa, barang tambang, dan lainnya). Sebagai bagian dari bangsa Indonesia, sudah sepatutnya kita mensyukuri kekayaan alam dan sosial budaya yang dimiliki oleh negara kita tercinta Indonesia. Namun, masih banyak dari kita yang belum tahu bagaimana dan apa saja kekayaan alam serta sosial budaya yang dimiliki negara Indonesia. Buku Ensiklopedia Indonesia ini disusun sesuai dengan jumlah provinsi yang ada di Indonesia saat ini, yaitu 34 provinsi. Di mana pada setiap provinsi berisikan uraian dan keterangan serta gambar yang memuat segala hal yang berkaitan atau berhubungan dengan nama ibu kota provinsi, dasar hukum terbentuknya provinsi, luas wilayah, batas wilayah, jumlah penduduk, agama yang ada, mata pencahariaan penduduk, sumber daya alam yang dimiliki, sosial budaya seperti nama dan bentuk rumah adat, busana atau pakaian tradisional, senjata tradisional, kesenian, dan budaya tradisional. Buku Ensiklopedia Indonesia ini memberikan gambaran dan wawasan kepada pembaca untuk lebih tahu dan mengenal kekayaan bangsa Indonesia yang perlu dilestarikan karena merupakan warisan leluhur. Buku ini tentunya bermanfaat bagi kita semua dan semakin menambah wawasan serta pengetahuan kita terhadap negara Indonesia, sehingga kita semakin mencintai negara ini. 4aJawa Barat aYogyakarta :bPUSTAKA REFERENSI,c2023 2rdacontentaTeks 2rdamediaaTanpa Perantara 2rdacarrieraLembar aIndeks: 177 halaman aBibliografi: 181 halaman a1. Profil Provinsi 2. Letak Astronomis dan Geografis 3. Iklim 4. Data Fisik dan Keadaan Alam 5. Sejarah 6. Pahlawan 7. Pembagian wilayah administrasi 8. Penduduk 9. Seni dan Budaya 10. Permainan Tradisional 11 Potensi Daerah 12. Peninggalan Sejarah 13. Fasilitas Umum (Sarana dan Prasarana Publik) 14. Wisata Umum a078272